| 000 | 00783cab a2200241 4500 | ||
|---|---|---|---|
| 001 | ABS55917 | ||
| 008 | 090401t1996 xxu||||| |||| 00| 0 eng d | ||
| 035 | _a(Sirsi) u19794 | ||
| 041 | _aeng | ||
| 110 |
_aNew Zealand Insitute of Economic Research _9548 |
||
| 245 | _aForecast | ||
| 260 | _c1996 | ||
| 350 | _a0 | ||
| 490 |
_aThe Quantity Surveyor (New Zealand) _vSpring 1996, 38-43(6) |
||
| 520 | _aA survey of economic trends in the New Zealand property and construction markets with tables on building consents 1994-6, hotel rooms 1995-7, and forecast building activity to 2000. | ||
| 650 | _aCONSTRUCTION MARKET | ||
| 650 | _aFORECASTS | ||
| 650 | _aHOTEL DEVELOPMENT | ||
| 650 | _aNEW ZEALAND | ||
| 690 | _aBUILT ENVIRONMENT | ||
| 942 | _n0 | ||
| 948 | _c04/03/1997 | ||
| 999 |
_c13251 _d13251 |
||